1 2 3 (Registo nº 9637)

Detalhes MARC
000 -Etiqueta do registo
Valores 00573nam a22002171i 4500
010 ## - Número ISBN
ISBN 9789727102907
090 ## -
-- 9637
100 ## - Dados gerais de processamento
Dados gerais 20170304u u u0frey50 ba
101 0# - Língua de publicação
-- por
200 1# - Titulo e menção de responsabilidade
Primeira menção de responsabilidade Luísa Ducla Soares
Título próprio 1 2 3
Outras menções de responsabilidade il. Pedro Leitão
210 ## - Publicação
Nome do editor Terramar
Local de publicação Lisboa
Data de publicação 2001
215 ## - Descrição física 
Paginação / Volumes [32] p.
Outras indicações físicas il.
Dimensões 27 cm
606 ## - Nome comum usado como assunto
Palavra de ordem Poesia infantil
ID Autoridade 506
606 ## - Nome comum usado como assunto
Palavra de ordem Números
ID Autoridade 2931
Subdivisão assunto Aprendizagem
675 ## - CDU
Notação 087.5
-- 2104
700 #1 - Autor principal (pessoa individual)
Apelido Soares
Nome Luísa Ducla
-- 070
Datas 1939-
ID Autoridade 2431
701 #1 - Co-autor principal (pessoa individual)
Apelido Leitão
Nome Pedro
-- 440
801 ## - Fonte de origem
País PT
Regras de catalogação RPC
990 ## - Elementos KOHA
Tipo de documento Livro
994 ## - Estado da catalogação
-- COMP
Exemplares
Situação do levantamento Estado Biblioteca de origem Biblioteca de empréstimo Código de barras Cota Permissão de empréstimo Tipo de documento Nota relativa ao exemplar Forma de aquisição
  Completo Biblioteca Municipal de Viana Do Alentejo Biblioteca Municipal de Viana Do Alentejo 0013736 087.5 SOA Disponível Livro 0-5 anos  
  Completo Biblioteca Municipal de Viana Do Alentejo Biblioteca Municipal de Viana Do Alentejo Pólo Aguiar 0034113 087.5 SOA Disponível Livro    




Powered by Koha